000
00245nam a2200109Ia 4500
008
240624s9999 xx 000 0 und d
041
_a
eng
082
_a
828 OUT
100
_a
OUTLOOK TRAVELLER
245
_a
BEACH HOLIDAYS IN INDIA
365
_c
RS
999
_c
22898
_d
22898